000
00315nam a2200109Ia 4500
008
200302s9999 xx 000 0 und d
100
_a
Haigo Shen
245
_a
The Master Architect Series V- Haigo Shen & Partners (Selected & Current Works)
260
_b
Images Publishing, Austraila
260
_c
2002
300
_a
240
999
_c
4521
_d
4521